[Event "ICS rated blitz match"]
[Site "204.178.125.65"]
[Date "2000.01.19"]
[Round "?"]
[White "PostModernist"]
[Black "Hossa"]
[Result "1-0"]
[WhiteElo "2596"]
[BlackElo "2451"]
[PlyCount "93"]

1. d4 Nf6 2. Nf3 c5 3. e3 d5 4. c4 cxd4 5. exd4 Nc6 6. Nc3 dxc4 7. Bxc4 Bg4 8.
d5 Nb8 9. O-O Nbd7 10. Bf4 Rc8 11. Bb3 Nc5 12. Re1 Nxb3 13. axb3 a6 14. Be5 Nd7
15. Bg3 Nf6 16. h3 Bh5 17. Be5 Nd7 18. Bh2 Nc5 19. d6 Ne6 20. g4 Bg6 21. h4
exd6 22. h5 Qd7 23. Nd4 Be7 24. Nd5 Rc5 25. Nxe7 Kxe7 26. hxg6 hxg6 27. Ra4 Rh3
28. Qd2 Rc8 29. Nxe6 fxe6 30. Rae4 Kf7 31. Rxe6 Kg8 32. Qd5 Kh7 33. Qe4 Qf7 34.
Bxd6 Rc6 35. Re7 Qf3 36. Rxg7+ Kxg7 37. Qd4+ Kh6 38. Bf4+ Qxf4 39. Qxf4+ g5 40.
Qf8+ Kg6 41. Re7 Rc1+ 42. Kg2 Rg3+ 43. fxg3 Rc2+ 44. Kh3 Rh2+ 45. Kxh2 b6 46.
Qf7+ Kh6 47. Qh5# 1-0

[Event "ICS Rated blitz match"]
[Site "204.178.125.65"]
[Date "2000.01.19"]
[Round "?"]
[White "Hossa"]
[Black "Amateur"]
[Result "1/2-1/2"]
[WhiteElo "2441"]
[BlackElo "2524"]
[PlyCount "231"]

1. e4 e5 2. Nf3 Nc6 3. Bb5 a6 4. Ba4 Nf6 5. O-O Be7 6. Re1 b5 7. Bb3 d6 8. c3
O-O 9. h3 Na5 10. Bc2 c5 11. d4 Qc7 12. Nbd2 Bd7 13. dxe5 dxe5 14. Re3 Rad8 15.
a4 b4 16. b3 c4 17. bxc4 Be6 18. cxb4 Nxc4 19. Rd3 Bxb4 20. Rb1 a5 21. Ng5 Nxd2
22. Nxe6 fxe6 23. Bxd2 Nxe4 24. Rxd8 Rxd8 25. Bxe4 Bxd2 26. Rb7 Qc8 27. h4 Rd4
28. Qb1 Qc1+ 29. Qxc1 Bxc1 30. Rb8+ Kf7 31. Bxh7 Rxa4 32. Bg8+ Ke7 33. Rb7+ Kf6
34. Rf7+ Kg6 35. Rc7 Bh6 36. g3 Kf5 37. Kg2 e4 38. Rf7+ Ke5 39. Re7 Kf5 40.
Rf7+ Kg6 41. Re7 Kf5 42. Rf7+ Ke5 43. Re7 Rd4 44. Rxe6+ Kf5 45. Re7 a4 46. Bh7+
Kf6 47. Rxe4 Rxe4 48. Bxe4 a3 49. Bd5 Ke5 50. Bf7 Bd2 51. f4+ Ke4 52. h5 Bc1
53. Kh3 Bd2 54. Kg4 Be1 55. f5 Bd2 56. Be6 Be3 57. Kh4 Ke5 58. g4 Kf6 59. Bd5
Bg5+ 60. Kg3 Ke5 61. Bf7 Kd4 62. Kf3 Kc3 63. f6 Bxf6 64. Kf4 Kb2 65. g5 Be7 66.
h6 Bxg5+ 67. Kxg5 gxh6+ 68. Kh5 Kc3 69. Ba2 Kd4 70. Be6 Ke3 71. Bd5 Kd4 72. Ba2
Ke3 73. Be6 Kf4 74. Bd5 Ke5 75. Bf7 Kf5 76. Bg6+ Kf6 77. Bb1 Ke5 78. Kh4 h5 79.
Kxh5 Kd4 80. Kh6 Kc3 81. Ba2 Kc2 82. Kh7 Kb2 83. Bc4 Kc3 84. Ba2 Kd4 85. Kh8
Ke4 86. Kg8 Kf4 87. Kh8 Ke5 88. Kg8 Kf6 89. Kh8 Kf5 90. Kg8 Kg6 91. Kh8 Kf6 92.
Kg8 Kf5 93. Kh8 Kg6 94. Kg8 Kg5 95. Kh8 Kf4 96. Kg8 Ke4 97. Kh8 Kf3 98. Kg8 Kg4
99. Kh8 Kg5 100. Kg8 Kh4 101. Kh8 Kg4 102. Kg8 Kf3 103. Kh8 Ke4 104. Kg8 Kd4
105. Kh8 Ke3 106. Kg8 Kd3 107. Kh8 Kd4 108. Kg8 Ke4 109. Kh8 Kf3 110. Kg8 Kg4
111. Kh8 Kg3 112. Kg8 Kf2 113. Kh8 Ke2 114. Kg8 Ke3 115. Kh8 Ke4 116. Kg8
1/2-1/2

[Event "ICS rated blitz match"]
[Site "204.178.125.65"]
[Date "2000.01.19"]
[Round "?"]
[White "chesscomputer2"]
[Black "Hossa"]
[Result "1-0"]
[WhiteElo "2308"]
[BlackElo "2445"]
[PlyCount "75"]

1. e4 Nc6 2. Nf3 e5 3. Bc4 Nf6 4. d4 exd4 5. O-O Bc5 6. e5 Ng4 7. Bf4 Qe7 8.
Bg5 f6 9. exf6 gxf6 10. Bf4 Nge5 11. Nxe5 Nxe5 12. Re1 d6 13. Qh5+ Kd7 14. Nd2
Kc6 15. Nb3 Qg7 16. Bxe5 fxe5 17. Qf3+ Kb6 18. Nxc5 dxc5 19. Qb3+ Kc6 20. Be6
Rd8 21. Bxc8 Rdxc8 22. Qe6+ Kb5 23. a4+ Ka5 24. Qc4 c6 25. Qxc5+ Ka6 26. Rxe5
b6 27. Qxd4 Rg8 28. Qd3+ Kb7 29. Qe4 Qg6 30. Re7+ Kc8 31. Qf3 a5 32. Rae1 Qxc2
33. Qf7 Rxg2+ 34. Kh1 Rxh2+ 35. Kxh2 Qd2 36. Re8+ Qd8 37. Rxd8+ Kxd8 38. Re8#
1-0

[Event "ICS rated standard match"]
[Site "204.178.125.65"]
[Date "2000.01.20"]
[Round "?"]
[White "Hossa"]
[Black "orense"]
[Result "1-0"]
[WhiteElo "2267"]
[BlackElo "2180"]
[PlyCount "51"]

1. d4 f5 2. g3 g6 3. Nf3 Bg7 4. Bg2 Nf6 5. c4 d6 6. O-O O-O 7. Nc3 c6 8. Bf4
Nh5 9. Bg5 h6 10. Bc1 e5 11. dxe5 dxe5 12. e3 Be6 13. b3 Na6 14. Ba3 Qxd1 15.
Raxd1 Rfd8 16. e4 Kf7 17. Bd6 fxe4 18. Nxe5+ Bxe5 19. Bxe5 Nc5 20. Bd6 Nd7 21.
Nxe4 Nhf6 22. Bc7 Rdc8 23. Nd6+ Ke7 24. Nxc8+ Rxc8 25. Bd6+ Kf7 26. Rfe1 1-0

[Event "ICS rated blitz match"]
[Site "204.178.125.65"]
[Date "2000.01.20"]
[Round "?"]
[White "ljb"]
[Black "Hossa"]
[Result "0-1"]
[WhiteElo "2127"]
[BlackElo "2431"]
[PlyCount "62"]

1. e4 Nc6 2. d4 e5 3. d5 Nce7 4. c4 d6 5. Nc3 f5 6. f3 Nf6 7. Be3 c6 8. Bd3
fxe4 9. fxe4 Ng4 10. Qd2 Nxe3 11. Qxe3 g6 12. Nf3 Bg7 13. O-O O-O 14. Rf2 Bg4
15. Raf1 cxd5 16. cxd5 Rf6 17. h3 Bxf3 18. Rxf3 Rxf3 19. Qxf3 Qb6+ 20. Kh2 Rf8
21. Qg4 Rxf1 22. Bxf1 Qxb2 23. Nb5 Qc1 24. Be2 Qf4+ 25. Qxf4 exf4 26. Nxd6 f3
27. Bc4 Be5+ 28. Kg1 Bxd6 29. e5 Bc5+ 30. Kf1 Nf5 31. d6+ Kf8 0-1

[Event "ICS rated blitz match"]
[Site "204.178.125.65"]
[Date "2000.01.20"]
[Round "?"]
[White "Hossa"]
[Black "ljb"]
[Result "1-0"]
[WhiteElo "2436"]
[BlackElo "2122"]
[PlyCount "27"]

1. d4 e6 2. Nc3 d5 3. e4 Nf6 4. exd5 exd5 5. Qe2+ Qe7 6. Bg5 Qxe2+ 7. Ngxe2 Be6
8. O-O-O Be7 9. Nf4 O-O 10. Bxf6 Bxf6 11. Ncxd5 Bg5 12. Kb1 Na6 13. Bxa6 bxa6
14. Nxe6 1-0

[Event "ICS Rated blitz match"]
[Site "204.178.125.65"]
[Date "2000.01.20"]
[Round "?"]
[White "ljb"]
[Black "Hossa"]
[Result "1/2-1/2"]
[WhiteElo "2117"]
[BlackElo "2441"]
[PlyCount "127"]

1. e4 Nc6 2. d4 e5 3. d5 Nce7 4. c4 d6 5. Nc3 f5 6. f3 Nf6 7. Be3 c6 8. Bd3
fxe4 9. fxe4 Ng4 10. Qd2 Nxe3 11. Qxe3 g6 12. Nf3 Bg7 13. O-O O-O 14. Rf2 Bg4
15. Raf1 cxd5 16. cxd5 Rf6 17. Ng5 Rxf2 18. Qxf2 Bd7 19. Bb5 Bxb5 20. Nxb5 Qb6
21. Qxb6 axb6 22. a3 Nc8 23. Ne6 Bh6 24. g4 Be3+ 25. Kg2 Bf4 26. Nxf4 exf4 27.
Rxf4 Ra5 28. Nc3 g5 29. Rf5 h6 30. Rf6 Kg7 31. Re6 Kh7 32. Kf3 Rc5 33. Ke3 Rc7
34. Kd3 Rd7 35. Nb5 Rd8 36. Kd4 Rd7 37. e5 dxe5+ 38. Kxe5 Ne7 39. d6 Ng6+ 40.
Kd4 Rf7 41. Nc3 Kg7 42. Nd5 Nf4 43. Nxf4 gxf4 44. Re7 Rxe7 45. dxe7 Kf7 46. Ke4
b5 47. Kxf4 Kxe7 48. h4 b4 49. axb4 Kf6 50. g5+ hxg5+ 51. hxg5+ Kg6 52. Kg4 Kf7
53. Kf5 Ke7 54. g6 Kd6 55. g7 Kd7 56. g8=Q Kc6 57. Ke5 Kb5 58. Qd5+ Ka4 59.
Qxb7 Kb3 60. Qc6 Ka2 61. b5 Kb3 62. b6 Kb4 63. b7 Ka5 64. b8=Q 1/2-1/2

[Event "ICS Rated standard match"]
[Site "204.178.125.65"]
[Date "2000.01.20"]
[Round "?"]
[White "ET2000"]
[Black "Hossa"]
[Result "0-1"]
[WhiteElo "2618"]
[BlackElo "2269"]
[PlyCount "30"]

1. c4 e5 2. Nc3 Nf6 3. Nf3 Nc6 4. g3 Bb4 5. Bg2 Ng4 6. O-O O-O 7. a3 Bc5 8. b4
Bd4 9. Nxd4 exd4 10. Nd5 Nce5 11. f4 Nxc4 12. Qc2 Nb6 13. Nxc7 d3 14. exd3 Nxh2
15. Kxh2 Qf6 0-1

[Event "ICS rated blitz match"]
[Site "204.178.125.65"]
[Date "2000.01.20"]
[Round "?"]
[White "Hossa"]
[Black "Artefact"]
[Result "1-0"]
[WhiteElo "2429"]
[BlackElo "2371"]
[PlyCount "27"]

1. e4 e5 2. Nf3 Nc6 3. Bb5 a6 4. Ba4 Nf6 5. O-O Nxe4 6. d4 b5 7. Bb3 d5 8. dxe5
Be6 9. Be3 Be7 10. a4 Na5 11. Nbd2 b4 12. Nxe4 dxe4 13. Bxe6 fxe6 14. Nd4 1-0

[Event "ICS Rated standard match"]
[Site "204.178.125.65"]
[Date "2000.01.20"]
[Round "?"]
[White "Hossa"]
[Black "ET2000"]
[Result "0-1"]
[WhiteElo "2297"]
[BlackElo "2573"]
[PlyCount "116"]
[EventDate "2000.??.??"]

1. e4 e6 2. d4 d5 3. Nc3 Bb4 4. e5 c5 5. Bd2 Ne7 6. a3 Bxc3 7. Bxc3 Nbc6 8.
dxc5 d4 9. Bd2 Nxe5 10. c3 Nf5 11. Nf3 dxc3 12. Bxc3 Qxd1+ 13. Rxd1 Nxf3+ 14.
gxf3 Bd7 15. Bd3 Ba4 16. Rd2 O-O 17. Be4 Rab8 18. Rg1 f6 19. Rg4 Bb5 20. a4 Bc6
21. b4 a6 22. Bxc6 bxc6 23. Re4 Rfe8 24. Rd7 e5 25. Rc7 Rec8 26. Ra7 Ra8 27.
Rxa8 Rxa8 28. f4 exf4 29. Rxf4 Ne7 30. Re4 Kf7 31. Rd4 Nd5 32. Kd2 Re8 33. Kd3
Re5 34. Bd2 Rf5 35. Ke2 Ke6 36. h4 g5 37. Re4+ Re5 38. Rxe5+ Kxe5 39. hxg5 fxg5
40. Bxg5 Nxb4 41. Bh6 Kd5 42. Bd2 Kxc5 43. Bxb4+ Kxb4 44. f4 Kc4 45. Kf3 Kd4
46. a5 c5 47. f5 Ke5 48. Kg4 c4 49. f6 Kxf6 50. Kf3 c3 51. Kg2 c2 52. Kh2 c1=Q
53. Kg2 Kf5 54. Kg3 Qb2 55. Kf3 Qd2 56. Kg3 Qe2 57. Kh3 Kf4 58. Kh4 Qh2# 0-1

[Event "ICS rated blitz match"]
[Site "204.178.125.65"]
[Date "2000.01.20"]
[Round "?"]
[White "Amateur"]
[Black "Hossa"]
[Result "1-0"]
[WhiteElo "2509"]
[BlackElo "2456"]
[PlyCount "117"]

1. d4 Nf6 2. Nf3 c5 3. d5 e6 4. c4 exd5 5. cxd5 Qe7 6. Nc3 Ne4 7. Nb5 Na6 8.
Qa4 f6 9. Bf4 f5 10. e3 Qf6 11. Rb1 Qg6 12. Ne5 Qf6 13. Bd3 g5 14. Ng4 Qf7 15.
Be5 Rg8 16. Bxe4 fxg4 17. Qc2 h5 18. O-O h4 19. Bh7 Qxd5 20. Bf6 h3 21. gxh3
gxh3 22. Bg6+ Rxg6 23. Qxg6+ Qf7 24. Qxg5 d5 25. Rfd1 Be6 26. Nc3 Nc7 27. f4
Qh7 28. e4 d4 29. Nd5 Qf7 30. Nxc7+ Qxc7 31. b3 Qh7 32. f5 Bf7 33. Qg3 Bh6 34.
Qxh3 Be3+ 35. Kg2 Bh5 36. Rf1 Kd7 37. Kh1 Rf8 38. e5 Rg8 39. Rb2 Kc8 40. Rg2
Rxg2 41. Kxg2 c4 42. Re1 c3 43. Rxe3 dxe3 44. Qxe3 Qd7 45. Qxc3+ Qc6+ 46. Qxc6+
bxc6 47. Kg3 a5 48. e6 a4 49. Bg5 axb3 50. axb3 Kc7 51. f6 Bd1 52. f7 Bxb3 53.
f8=Q Bxe6 54. Bf4+ Kd7 55. Qd6+ Ke8 56. Qxe6+ Kd8 57. Bd6 c5 58. Qe7+ Kc8 59.
Qc7# 1-0

[Event "ICS rated standard match"]
[Site "204.178.125.65"]
[Date "2000.01.20"]
[Round "?"]
[White "Motoman"]
[Black "Hossa"]
[Result "1/2-1/2"]
[WhiteElo "2161"]
[BlackElo "2292"]
[PlyCount "102"]

1. e4 e5 2. Nf3 Nc6 3. d4 exd4 4. Nxd4 Nf6 5. Nxc6 bxc6 6. e5 Qe7 7. Qe2 Nd5 8.
c4 Ba6 9. b3 Rb8 10. g3 h5 11. Bg2 h4 12. O-O hxg3 13. hxg3 g6 14. Re1 Nb6 15.
Bd2 Qe6 16. Nc3 Kd8 17. Ne4 Ba3 18. Rad1 Be7 19. Qe3 Kc8 20. Nc5 Bxc5 21. Qxc5
Qg4 22. Qe7 Qh5 23. Rc1 Qh2+ 24. Kf1 Kb7 25. Qg5 Rh5 26. Qg4 Rg8 27. f4 f6 28.
exf6 Rf5 29. Re5 Rxf6 30. Kf2 Qh7 31. Rce1 Rh8 32. Re7 Rf7 33. Qg5 Nc8 34. Rxf7
Qxf7 35. Bc3 Rh2 36. Qf6 Qh7 37. Kg1 d5 38. cxd5 Kb8 39. dxc6 g5 40. f5 Bd3 41.
g4 a6 42. Re8 Qh6 43. Qd8 Rxg2+ 44. Kxg2 Be4+ 45. Rxe4 Qxc6 46. Qd4 Nd6 47. Kf3
Nxe4 48. Qxe4 Qxc3+ 49. Qe3 Qc6+ 50. Qe4 Qc3+ 51. Qe3 Qc6+ 1/2-1/2

[Event "ICS rated blitz match"]
[Site "204.178.125.65"]
[Date "2000.01.20"]
[Round "?"]
[White "Hossa"]
[Black "star"]
[Result "1-0"]
[WhiteElo "2442"]
[BlackElo "2311"]
[PlyCount "73"]

1. e4 e5 2. Nf3 Nc6 3. Bb5 Nf6 4. O-O Bc5 5. c3 O-O 6. d4 Bb6 7. Bg5 h6 8. Bxf6
Qxf6 9. Bxc6 dxc6 10. Nxe5 c5 11. dxc5 Bxc5 12. Nd7 Bxd7 13. Qxd7 c6 14. Qg4
Rad8 15. Qh5 Bb6 16. Qe2 Qf4 17. Re1 Rfe8 18. g3 Qf6 19. Na3 Rxe4 20. Qc2 Re6
21. Nc4 Bc5 22. b4 Rde8 23. Rxe6 Qxe6 24. Na5 b6 25. bxc5 bxa5 26. Qa4 Qf5 27.
Qxc6 Rc8 28. Qb5 Rxc5 29. Qb2 Qf3 30. Rc1 Qd5 31. Qb8+ Kh7 32. Qxa7 Rc8 33. a3
Rc4 34. Qb6 f5 35. Qb3 Qc5 36. a4 Rxa4 37. Qxa4 1-0

[Event "ICS rated blitz match"]
[Site "204.178.125.65"]
[Date "2000.01.20"]
[Round "?"]
[White "star"]
[Black "Hossa"]
[Result "1-0"]
[WhiteElo "2301"]
[BlackElo "2452"]
[PlyCount "111"]

1. c4 e6 2. d4 Nf6 3. Nf3 Be7 4. Bf4 d5 5. Nc3 c5 6. dxc5 Bxc5 7. e3 Nc6 8. Qb3
O-O 9. O-O-O Qb6 10. Qxb6 axb6 11. cxd5 exd5 12. Bd3 Be6 13. a3 Rfc8 14. h3 Ne7
15. Kd2 Ng6 16. Bg3 h6 17. Nd4 Ne7 18. Nxe6 fxe6 19. b4 Rxa3 20. bxc5 Rxc5 21.
Rc1 Rc6 22. f3 Kf8 23. Rhe1 Kf7 24. Rc2 Ra5 25. Rb2 g6 26. Reb1 Nc8 27. Bb5 Rc5
28. Rb3 h5 29. Be5 Ra8 30. Bd4 Rc7 31. e4 dxe4 32. fxe4 Nd7 33. Rf1+ Ke7 34.
Be3 Ne5 35. Bg5+ Kd6 36. Be8 Nc4+ 37. Ke2 Kc5 38. Rb5+ Kd4 39. Bf6+ e5 40. Rf3
N4d6 41. Bxe5+ Kc4 42. Rb2 Ra3 43. Nd5 Nxe4 44. Rxa3 Kxd5 45. Bxc7 Nc5 46. Rd2+
Kc4 47. Be5 Kb4 48. Re3 Nb3 49. Rb2 Kc5 50. Rc2+ Kb4 51. Re4+ Nd4+ 52. Rxd4+
Kb3 53. Rd3+ Kxc2 54. Ba4+ Kb1 55. Rd1+ Ka2 56. Ra1# 1-0

[Event "ICS rated blitz match"]
[Site "204.178.125.65"]
[Date "2000.01.20"]
[Round "?"]
[White "MissSilicon"]
[Black "Hossa"]
[Result "1-0"]
[WhiteElo "2572"]
[BlackElo "2432"]
[PlyCount "155"]

1. e4 e5 2. Nf3 Nc6 3. Bb5 a6 4. Bxc6 dxc6 5. Nc3 f6 6. d4 exd4 7. Qxd4 Bg4 8.
Qc4 Qd6 9. O-O Bxf3 10. gxf3 Qd7 11. Rd1 Bd6 12. Bf4 Nh6 13. Bxh6 gxh6 14. Ne2
O-O-O 15. Ng3 Kb8 16. Rd2 Rhg8 17. Rad1 h5 18. Kh1 Qg7 19. Qf1 Qe7 20. b3 Qe5
21. Qh3 Rg5 22. Nf5 Qc3 23. Ne3 Rdg8 24. Rd3 Qb2 25. Qe6 R5g6 26. a4 Rd8 27.
Qf5 h4 28. Qh5 Rd7 29. Qxh4 Rg8 30. Qh3 Qe5 31. c4 c5 32. Rd5 Qe7 33. b4 b6 34.
bxc5 bxc5 35. Rxc5 Rdd8 36. Nf5 Qd7 37. Rcd5 Qc8 38. Qxh7 Rd7 39. Qh6 Rh8 40.
Nxd6 Rxd6 41. Rxd6 Rxh6 42. Rd8 Qxd8 43. Rxd8+ Kb7 44. Rd5 c6 45. Rf5 Kb6 46.
f4 c5 47. a5+ Kxa5 48. Rxc5+ Kb6 49. Rd5 a5 50. Kg2 Rg6+ 51. Kf3 Rh6 52. Rb5+
Ka6 53. Kg2 a4 54. Rd5 Kb6 55. Rb5+ Ka6 56. Rb8 Ka5 57. c5 Rg6+ 58. Kf3 Rh6 59.
Kg4 Rxh2 60. c6 Rh7 61. Rb7 Rh1 62. Ra7+ Kb4 63. c7 Rc1 64. e5 fxe5 65. fxe5
Rc4+ 66. f4 Rc2 67. e6 a3 68. Rb7+ Ka4 69. e7 Rg2+ 70. Kf5 Rg8 71. Rb8 a2 72.
Rxg8 Kb3 73. Rb8+ Kc2 74. c8=Q+ Kd1 75. Rb2 a1=N 76. Qd7+ Ke1 77. e8=Q+ Kf1 78.
Qd1# 1-0

[Event "ICS rated blitz match"]
[Site "204.178.125.65"]
[Date "2000.01.20"]
[Round "?"]
[White "janderson"]
[Black "Hossa"]
[Result "0-1"]
[WhiteElo "2170"]
[BlackElo "2434"]
[PlyCount "56"]

1. d4 Nf6 2. Nc3 d5 3. Bg5 Nbd7 4. Nf3 e6 5. e4 Be7 6. e5 Ng8 7. Bxe7 Nxe7 8.
Bb5 O-O 9. O-O c6 10. Bd3 c5 11. Re1 Nc6 12. dxc5 Nxc5 13. Bb5 Rb8 14. Rb1 Qa5
15. Qd2 Nd7 16. a3 a6 17. b4 Qc7 18. Bxc6 bxc6 19. Rb3 c5 20. Na4 cxb4 21. axb4
Qc6 22. Nb2 Bb7 23. Nd3 Rfc8 24. Nd4 Qb6 25. c3 Rc4 26. Ra3 Rf8 27. Rea1 Re8
28. h3 Rf8 0-1

[Event "ICS rated blitz match"]
[Site "204.178.125.65"]
[Date "2000.01.20"]
[Round "?"]
[White "Hossa"]
[Black "Amateur"]
[Result "1-0"]
[WhiteElo "2440"]
[BlackElo "2543"]
[PlyCount "165"]

1. e4 e6 2. d4 d5 3. Nc3 Nf6 4. Bd3 Bb4 5. e5 Ne4 6. Nge2 Nc6 7. O-O Nxc3 8.
bxc3 Be7 9. c4 Nb4 10. cxd5 Nxd3 11. Qxd3 exd5 12. Qg3 g6 13. Bh6 Bh4 14. Qb3
c6 15. Rab1 Bg5 16. Bxg5 Qxg5 17. Qb4 Qe7 18. Qxe7+ Kxe7 19. Rb2 b6 20. Rfb1
Ba6 21. Nf4 Bc4 22. h4 h6 23. a4 g5 24. Nh5 gxh4 25. Kh2 Rhg8 26. Nf6 Rg5 27.
Rh1 Rf5 28. c3 c5 29. Kh3 cxd4 30. cxd4 Rf4 31. Rd2 Rb8 32. Rc1 Ke6 33. f3 Rf5
34. Rb1 Rg5 35. Rdb2 Kf5 36. Kxh4 Rh8 37. Rc1 h5 38. Rc3 Kf4 39. Rf2 Rg7 40.
g3+ Kf5 41. Rb2 Rg5 42. Rb4 Rg7 43. Rb1 Kg6 44. Rb2 Kf5 45. Rc1 Rh6 46. Kh3 Rh8
47. Rh1 Rg5 48. Kh4 Kg6 49. f4 Rg4+ 50. Kh3 Kf5 51. Nxg4 hxg4+ 52. Kg2 Rxh1 53.
Kxh1 Bd3 54. Rh2 Kg6 55. Rh8 Bc2 56. Ra8 a5 57. Rb8 Bxa4 58. Rxb6+ Kg7 59. Ra6
Bc2 60. Rxa5 Bd3 61. Kg1 Be4 62. f5 Bxf5 63. Rxd5 f6 64. Rd6 fxe5 65. dxe5 Be4
66. Kf2 Kf7 67. Rf6+ Ke7 68. Rf4 Bf3 69. Rxf3 gxf3 70. Kxf3 Ke6 71. Ke4 Ke7 72.
Kf5 Kf7 73. e6+ Ke7 74. g4 Ke8 75. Kf6 Kd8 76. e7+ Kd7 77. g5 Kc6 78. e8=Q+ Kd5
79. Qa4 Kd6 80. Qc4 Kd7 81. Qc5 Kd8 82. Ke6 Ke8 83. Qc8# 1-0

[Event "ICS rated blitz match"]
[Site "204.178.125.65"]
[Date "2000.01.20"]
[Round "?"]
[White "Amateur"]
[Black "Hossa"]
[Result "0-1"]
[WhiteElo "2522"]
[BlackElo "2461"]
[PlyCount "128"]

1. e4 c5 2. Nf3 d6 3. d4 cxd4 4. Nxd4 Nf6 5. Nc3 g6 6. Be3 e5 7. Nb3 Be6 8. Qd2
Ng4 9. O-O-O Nxe3 10. Qxe3 Nc6 11. Nc5 Qc8 12. Nxe6 fxe6 13. Bb5 Be7 14. h4 O-O
15. h5 g5 16. h6 Nd4 17. Bd3 Qc5 18. Rh5 Rxf2 19. Rxg5+ Kh8 20. Kb1 Nb3 21. Rg3
Nd2+ 22. Ka1 Qxe3 23. Rxe3 Bg5 24. Rg3 Bxh6 25. Rh3 Bg7 26. g4 Kg8 27. Rg1 Raf8
28. Rgh1 h6 29. Rd1 a6 30. Rg3 Bf6 31. Rdg1 Bg5 32. Rh3 d5 33. Rhh1 dxe4 34.
Bxe4 Nxe4 35. Nxe4 Rxc2 36. Nxg5 hxg5 37. Re1 Rc5 38. Rh6 Rfc8 39. Kb1 Kf7 40.
Rh7+ Kg6 41. Rxb7 R8c6 42. Rb4 Kf6 43. Rf1+ Ke7 44. b3 Kd6 45. Rb7 Rd5 46. Rg7
e4 47. Re1 Re5 48. Rd1+ Kc5 49. Rb7 Rb6 50. Rc7+ Kb5 51. Rc2 Rb7 52. Rd4 e3 53.
Re2 Rf7 54. Kc2 Rf4 55. Kd3 Rd5 56. Rxd5+ exd5 57. Rxe3 Rxg4 58. a3 a5 59. Re8
Rg3+ 60. Re3 Rxe3+ 61. Kxe3 Kc5 62. Kf2 Kd4 63. b4 axb4 64. axb4 Kc4 0-1

[Event "ICS rated blitz match"]
[Site "204.178.125.65"]
[Date "2000.01.20"]
[Round "?"]
[White "Hossa"]
[Black "Beadle"]
[Result "1-0"]
[WhiteElo "2480"]
[BlackElo "2576"]
[PlyCount "145"]

1. e4 Nf6 2. e5 Nd5 3. c4 Nb6 4. d4 d6 5. exd6 exd6 6. Nf3 Nc6 7. d5 Ne5 8.
Nbd2 Bg4 9. Be2 Bf5 10. O-O Qf6 11. Nd4 O-O-O 12. Nxf5 Qxf5 13. a4 g5 14. a5
Nbd7 15. a6 b6 16. Re1 Be7 17. Nb3 Bf6 18. Nd4 Qe4 19. Nb5 Kb8 20. Ra3 Nc5 21.
b4 Nxc4 22. f3 Qb1 23. Bxc4 Qxb4 24. Qe2 Rhg8 25. h3 Rc8 26. Bd2 Qb2 27. Ra2
Qe5 28. Qf2 Qf5 29. Nd4 Bxd4 30. Qxd4 Rce8 31. Raa1 Rxe1+ 32. Rxe1 Kc8 33. Qb2
f6 34. Re2 Nd7 35. Qb3 Ne5 36. Bb5 Kb8 37. Re1 Qc8 38. Qc2 h5 39. Bb4 Rg7 40.
Bd2 Rg8 41. Bc3 g4 42. hxg4 hxg4 43. fxg4 Qxg4 44. Re3 Qf4 45. Rh3 Nf3+ 46. Kh1
Nd4 47. Bxd4 Qxd4 48. Qc6 Qa1+ 49. Kh2 Qe5+ 50. g3 Qb2+ 51. Kg1 Qd4+ 52. Kg2
Qb2+ 53. Kf3 Qa3+ 54. Kf2 Qc5+ 55. Kg2 Qxc6 56. Bxc6 Rf8 57. g4 Rg8 58. Kf3 Rf8
59. Kf4 Kc8 60. Kf5 Kd8 61. Kg6 Kc8 62. Kg7 Rd8 63. Rf3 Kb8 64. Rxf6 b5 65. Rf4
Kc8 66. g5 b4 67. Rxb4 Re8 68. Bxe8 c5 69. Rb7 Kd8 70. Rxa7 Kc8 71. Rf7 Kb8 72.
a7+ Ka8 73. Bc6# 1-0

[Event "ICS rated blitz match"]
[Site "204.178.125.65"]
[Date "2000.01.20"]
[Round "?"]
[White "Hossa"]
[Black "PostModernist"]
[Result "1/2-1/2"]
[WhiteElo "2500"]
[BlackElo "2678"]
[PlyCount "180"]

1. e4 c5 2. Nf3 Nc6 3. Nc3 d6 4. Bc4 Nf6 5. d3 g6 6. O-O Bg7 7. Bg5 O-O 8. Qd2
Bg4 9. Qf4 Bxf3 10. Qxf3 Ne5 11. Qe2 Nxc4 12. dxc4 Nd7 13. Qd2 Ne5 14. b3 Ng4
15. Rad1 h6 16. Bf4 g5 17. Bg3 Re8 18. Nd5 b6 19. f3 Nf6 20. Ne3 Nh5 21. Nf5
Nxg3 22. hxg3 Qc8 23. Nxg7 Kxg7 24. g4 Qe6 25. Kf2 Qf6 26. Rh1 Rab8 27. Rh5 Qe5
28. Rdh1 Rh8 29. c3 e6 30. Rd1 Rbd8 31. Qd3 Rh7 32. Rdh1 Rc8 33. g3 Qf6 34.
R1h3 Rd8 35. Kg1 e5 36. Qe3 Kg8 37. a3 a5 38. b4 Rc8 39. b5 Rd8 40. a4 Qg6 41.
Qd3 Qe6 42. Qd2 Qf6 43. Kg2 Re8 44. Qd5 Kg7 45. Qb7 Qd8 46. Rh2 Re7 47. Qd5 Re6
48. Kg1 Rh8 49. Rd2 Qe7 50. Rd3 Rd8 51. Rd1 Kg8 52. Kg2 Rb8 53. Rdh1 Qf8 54.
R1h3 Rg6 55. Kg1 Rf6 56. Kf2 Kg7 57. Kg2 Rg6 58. Kf1 Qe7 59. Ke1 Qf6 60. Kf2
Qe6 61. Qd3 Rd8 62. Kg1 Qf6 63. Kg2 Qe7 64. Qd5 Rc8 65. Kg1 Rb8 66. Qd2 Qf6 67.
Qd1 Kg8 68. Rh2 Rd8 69. Kg2 Kh7 70. Qd3 Rb8 71. Rh1 Qe7 72. R1h3 Kg7 73. Rh2
Rf6 74. Rh1 Rc8 75. R1h3 Rd8 76. Qd2 Rg8 77. Qd1 Re8 78. Kg1 Qe6 79. Qd3 Rf8
80. Kf2 Rg8 81. Rh2 Rc8 82. Rh1 Qe8 83. R1h3 Qf8 84. Kg1 Re8 85. Qe3 Kg8 86.
Kg2 Qg7 87. Qd3 Rfe6 88. Qd5 Rb8 89. Kf1 Rd8 90. Qd2 Re7 1/2-1/2

[Event "ICS rated blitz match"]
[Site "204.178.125.65"]
[Date "2000.01.20"]
[Round "?"]
[White "PostModernist"]
[Black "Hossa"]
[Result "1-0"]
[WhiteElo "2670"]
[BlackElo "2508"]
[PlyCount "111"]

1. e4 c5 2. Nc3 Nc6 3. g3 g6 4. Bg2 Bg7 5. d3 d6 6. Be3 e6 7. Qd2 Nf6 8. h3 e5
9. Nf3 Nd4 10. O-O-O Nxf3 11. Bxf3 Be6 12. g4 Qa5 13. g5 Nd7 14. a3 O-O 15. h4
f6 16. Bg2 Bg4 17. f3 Bh5 18. Rdf1 f5 19. exf5 gxf5 20. f4 Qb6 21. Nd5 Qd8 22.
Re1 Rc8 23. Nc3 Rb8 24. Bd5+ Bf7 25. Bxf7+ Rxf7 26. h5 exf4 27. Bxf4 Bxc3 28.
Qxc3 Rf8 29. Bxd6 Qxg5+ 30. Kb1 Qf6 31. Qxf6 Nxf6 32. Bxb8 Rxb8 33. Ref1 f4 34.
Rxf4 Rf8 35. Rf5 b6 36. Rhf1 Nd7 37. Rg5+ Kh8 38. Rxf8+ Nxf8 39. Re5 a6 40. b4
cxb4 41. axb4 Kg7 42. Rd5 b5 43. Rd6 Kf7 44. Rxa6 Ne6 45. Ra7+ Kf6 46. Rxh7 Nf4
47. Kb2 Kg5 48. Ka3 Ng2 49. Rg7+ Kxh5 50. Rxg2 Kh6 51. c4 Kh7 52. cxb5 Kh6 53.
b6 Kh5 54. b7 Kh4 55. b8=Q Kh5 56. Qh2# 1-0

[Event "ICS rated blitz match"]
[Site "204.178.125.65"]
[Date "2000.01.20"]
[Round "?"]
[White "Hossa"]
[Black "MissSilicon"]
[Result "0-1"]
[WhiteElo "2499"]
[BlackElo "2580"]
[PlyCount "230"]

1. e4 e5 2. Nf3 Nc6 3. Bb5 a6 4. Bxc6 dxc6 5. Nc3 f6 6. d4 Bb4 7. dxe5 Qxd1+ 8.
Kxd1 fxe5 9. Nxe5 Nf6 10. f3 Bxc3 11. bxc3 O-O 12. Re1 Be6 13. Ke2 Rad8 14. Rd1
Rxd1 15. Kxd1 Rd8+ 16. Ke2 c5 17. c4 Kf8 18. Bf4 b6 19. Ke3 a5 20. a4 Rd6 21.
Re1 Nh5 22. g3 Nxf4 23. gxf4 Rd8 24. c3 Rd6 25. f5 Bc8 26. h4 Rh6 27. Rd1 Ke8
28. Rh1 Rd6 29. h5 Ba6 30. Rg1 Kf8 31. Rg2 Bc8 32. Rb2 Bb7 33. Rb1 Ba6 34. Re1
Ke7 35. Kf4 Bb7 36. Rg1 Kf8 37. Rh1 Ba6 38. Rh2 Ke7 39. Rg2 Kf8 40. Kg5 Bb7 41.
Rh2 h6+ 42. Kf4 Kg8 43. Rg2 Ba6 44. Rg3 Kf8 45. Rg1 Kg8 46. Ke3 Kh7 47. Rg6
Rxg6 48. fxg6+ Kg8 49. f4 Kf8 50. f5 Ke7 51. Kf4 Kf8 52. Kf3 Ke7 53. Ng4 Bxc4
54. f6+ Kf8 55. Ne5 Be6 56. f7 Bc8 57. Kf4 Be6 58. Ke3 Bh3 59. c4 Be6 60. Kd3
Ke7 61. Ke2 Kf8 62. Kf3 Bc8 63. Kf4 Be6 64. Kg3 Bc8 65. Kg2 Be6 66. Kf2 Bh3 67.
Ke1 Be6 68. Kd2 Bh3 69. Kd3 Be6 70. Kc2 Bh3 71. Kc3 Be6 72. Kb2 Bh3 73. Nd3 Be6
74. Kc3 Bg4 75. Nf4 c6 76. Nd3 Bxh5 77. Ne5 Bxg6 78. Nxg6+ Kxf7 79. Ne5+ Kf6
80. Nxc6 h5 81. Kd3 g5 82. Ke3 Ke6 83. Na7 h4 84. Kf3 h3 85. Kg3 g4 86. Nb5 Kf6
87. Nd6 Ke5 88. Nc8 Kxe4 89. Nxb6 Kd4 90. Kh2 Kc3 91. Kg1 Kb4 92. Kf1 g3 93.
Kg1 Ka3 94. Kh1 Kb3 95. Kg1 Kc3 96. Nd5+ Kxc4 97. Nf4 h2+ 98. Kg2 Kc3 99. Ne6
c4 100. Nc5 Kd4 101. Nb7 c3 102. Nxa5 c2 103. Nb3+ Ke3 104. Nc1 h1=Q+ 105. Kxh1
Kf2 106. Nd3+ Kf1 107. Nc1 g2+ 108. Kh2 g1=Q+ 109. Kh3 Kf2 110. Kh4 Qg6 111.
Nd3+ Qxd3 112. Kg5 c1=Q+ 113. Kf6 Qf4+ 114. Kg7 Qdg3+ 115. Kh7 Qfh4# 0-1